Khí công y đạo
Giới thiệu 6 cấp độ luyện tập khí công y đạo : Tập động mở thiên môn; tích nạp điện và phóng điện, tiểu chu thiên - vận khí thông quan; Vânh hành xoay chuyển luận xa; Bảo toàn năng lượng - hoàn tinh bổ não; Khai mở hỏa xà trên nhâm đốc....
Đã lưu trong:
| Tác giả chính: | |
|---|---|
| Định dạng: | Sách |
| Ngôn ngữ: | Undetermined |
| Được phát hành: |
Hà Nội
Mỹ thuật
2010
|
| Những chủ đề: | |
| Các nhãn: |
Thêm thẻ
Không có thẻ, Là người đầu tiên thẻ bản ghi này!
|
| Thư viện lưu trữ: | Trung tâm Học liệu Trường Đại học Cần Thơ |
|---|
| LEADER | 00920nam a2200205Ia 4500 | ||
|---|---|---|---|
| 001 | CTU_153807 | ||
| 008 | 210402s9999 xx 000 0 und d | ||
| 020 | |c 35000 | ||
| 082 | |a 613.7 | ||
| 082 | |b Ng419 | ||
| 100 | |a Đỗ, Đức Ngọc | ||
| 245 | 0 | |a Khí công y đạo | |
| 245 | 0 | |c Đỗ Đức Ngọc | |
| 260 | |a Hà Nội | ||
| 260 | |b Mỹ thuật | ||
| 260 | |c 2010 | ||
| 520 | |a Giới thiệu 6 cấp độ luyện tập khí công y đạo : Tập động mở thiên môn; tích nạp điện và phóng điện, tiểu chu thiên - vận khí thông quan; Vânh hành xoay chuyển luận xa; Bảo toàn năng lượng - hoàn tinh bổ não; Khai mở hỏa xà trên nhâm đốc. | ||
| 650 | |a Physical fitness,Vật lý trị liệu | ||
| 904 | |i Nguyên | ||
| 980 | |a Trung tâm Học liệu Trường Đại học Cần Thơ | ||